Palindromes - Statistics

General Stats
  • This quiz has been taken 29 times
  • The average score is 6 of 10
Answer Stats
Hint Answer % Correct
Honda —— civic
82%
A family parent mom
82%
A kind of explosive tnt
75%
Do a good —— deed
68%
what f1 drivers drive racecar
68%
Stinky waste poop
64%
You can Paddle if you have this kayak
39%
Submarine uses this radar
36%
—-corn —- cat pop
32%
—— up level
4%
No matching quizzes found
Score Distribution
Percent of People with Each Score
Percentile by Number Answered
Your Score History
You have not taken this quiz